Estudio de auditoria eléctrica en la empresa Plastinic S. A, para la buena administración de la energía eléctrica
La investigación consiste en la auditoria eléctrica que permite determinar dónde y cómo se utiliza la energía. Se identifican los puntos del diagrama de proceso de mayor uso de energía haciendo resaltar aquellos donde esta se desperdicia y aquellos en donde es posible generar algún ahorro, a...
| Main Authors: | , |
|---|---|
| Other Authors: | |
| Format: | Tesis Section = Libro |
| Language: | Undetermined Spanish |
| Published: |
Managua
UNI
2015
|
| Subjects: |
| LEADER | 01383nam a2200265Ia 4500 | ||
|---|---|---|---|
| 008 | 240830s9999 xx 000 0 und d | ||
| 040 | |a BIBLIOTECA-RUSB/ Mon 621.3 C314 | ||
| 041 | |a spa | ||
| 082 | |a Mon 621.3 C314 | ||
| 100 | 1 | |a Carrero Selva, Kheyllid Dolores | |
| 100 | 1 | |b Sáenz Ocampo, Blanka Eufemia | |
| 245 | 1 | 0 | |a Estudio de auditoria eléctrica en la empresa Plastinic S. A, para la buena administración de la energía eléctrica |
| 260 | |a Managua |b UNI |c 2015 | ||
| 300 | |a 42 p. :il. | ||
| 500 | |a Contiene: anexos e Incluye: CD. | ||
| 502 | |a Tesis (Ingeniero Eléctrico) - UNI, 2015. | ||
| 520 | 3 | |a La investigación consiste en la auditoria eléctrica que permite determinar dónde y cómo se utiliza la energía. Se identifican los puntos del diagrama de proceso de mayor uso de energía haciendo resaltar aquellos donde esta se desperdicia y aquellos en donde es posible generar algún ahorro, actualmente la empresa Plastinic y que ahora su razón social es plásticos modernos se ubica en la ciudad de Dolores, Carazo, actualmente la factura eléctrica promedio es de 87,569 Kwh. | |
| 650 | 7 | |a AUDITORIA DE ENERGIA ELECTRICA | |
| 650 | 7 | |b ADMINISTRACION DE LA ENERGIA ELECTRICA | |
| 650 | 7 | |c CONSUMO ELECTRICO | |
| 650 | 7 | |d MOTORES ELECTRICOS I | |
| 700 | 1 | |a Tutor: |b González Mena, Juan | |
| 942 | |c BK |2 ddc | ||
| 991 | |a TESIS | ||
| 999 | |c 20055 | ||